| 000 | 00721nam a2200181 i 4500 | ||
|---|---|---|---|
| 001 | 185107 | ||
| 003 | ES-MaACL | ||
| 005 | 20230906222341.0 | ||
| 008 | 160322s1915 sp |||| | spa d | ||
| 100 | 0 |
_aBurgaleta, Vicente. _932615 |
|
| 245 | 1 | 3 |
_aLa tracción por vapor en los ferrocarriles / _cVicente Burgaleta. |
| 260 |
_aMadrid : _b[s.n., _c1915?] ( _fImp. de Eduardo Arias) |
||
| 300 |
_a30 p. ; _c24 cm. |
||
| 595 | _aSeparata del Congreso de Valladolid de la Asociación Española para el Progreso de las Ciencias. | ||
| 650 | 4 |
_aLocomotoras de vapor. _9159185 |
|
| 710 | 2 |
_aAsociación Española para el Progreso de las Ciencias. _bCongreso ( _n5º. _d1915. _cValladolid) _91700 |
|
| 852 |
_aES-MaACL _j1507-F-4 |
||
| 999 |
_c185107 _d185107 |
||